The elements of astronomy for surveyors

Bibliographic Details
Main Author: Mackie, J. B. (John Bullamore) (Author)
Format: Book
Published: London Griffin c1971
Edition:7th ed
Subjects:

MARC

LEADER 00000cam a2200000 7i4500
001 0000000173
008 021118s1971
090 0 0 |a TA597  |b M2 1971 
100 0 |a Mackie, J. B.  |q (John Bullamore)  |e author 
245 1 4 |a The elements of astronomy for surveyors   |c J. B. Mackie 
250 |a 7th ed 
260 2 |a London  |b Griffin  |c c1971 
300 |a xi, 292 p.  |c 21 cm 
650 0 |a Astronomy  |x Mathematical models 
650 0 |a Astronomy  |x Observations 
999 |a 1000039463  |b Book  |c OPEN SHELF (30 DAYS)  |e Gong Badak Campus